Nursing older adults / (رقم التسجيلة. 26744)
[ عرض عادي ]
| 000 -الفاتح | |
|---|---|
| حقل البيانات ثابتة الطول | 01858cam a2200385 a 4500 |
| 001 - رقم الضبط | |
| رقم الضبط | 758943042 |
| 003 - محدد رقم الضبط | |
| رقم الضبط | OCoLC |
| 005 - وقت وتاريخ اخر تعامل مع التسجيلة | |
| رقم الضبط | 20150408114109.0 |
| 008 - عناصر البيانات ثابتة الطول - معلومات عامة | |
| حقل البيانات ثابتة الطول | 110509s2012 enka b 001 0 eng |
| 020 ## - الرقم الدولى المعيارى للكتب | |
| الرقم الدولى المعيارى للكتاب | 9780335240845 (pbk.) |
| 020 ## - الرقم الدولى المعيارى للكتب | |
| الرقم الدولى المعيارى للكتاب | 0335240844 (pbk.) |
| 020 ## - الرقم الدولى المعيارى للكتب | |
| الرقم الدولى المعيارى للكتاب | 9780335240852 (eISBN) |
| 020 ## - الرقم الدولى المعيارى للكتب | |
| الرقم الدولى المعيارى للكتاب | 0335240852 (eISBN) |
| 040 ## - مصدر الفهرسة | |
| وكالة الفهرسة الأصلية | NLM |
| لغة الفهرسة | eng |
| وكالة النسخ | NLM |
| وكالة التعديل | OTZ |
| -- | KSU |
| -- | UtOrBLW |
| 042 ## - رمز التحقق | |
| رمز التحقق | pcc |
| 050 #4 - رقم طلب مكتبة الكونجرس | |
| رقم التصنيف | RC954 |
| رقم المادة | .N87 2012 |
| 060 00 - رقم الطلب بالمكتبة الطبية الوطنية | |
| رقم التصنيف | 2011 J-549 |
| 060 10 - رقم الطلب بالمكتبة الطبية الوطنية | |
| رقم التصنيف | WY 152 |
| 082 ## - رقم تصنيف ديوى العشرى | |
| رقم التصنيف | 610.73 |
| رقم المادة | NUO |
| 245 00 - بيان العنوان | |
| العنوان | Nursing older adults / |
| بيان المسئوليه,etc | edited by Jan Reed, Charlotte L. Clarke, Ann Macfarlane. |
| 260 ## - PUBLICATION, DISTRIBUTION, ETC. (IMPRINT) | |
| مكان الناشر او الموزع | Maidenhead : |
| اسم الناشر او الموزع | Open University Press/McGraw Hill, |
| تاريخ النشر أو التوزيع | 2012. |
| 300 ## - الوصف المادى | |
| التعداد | xvii, 297 p. : |
| تفاصيل ماديه اخرى للوعاء | ill. ; |
| أبعاد الوعاء | cm. |
| 504 ## - تبصرة ببليوجرافية | |
| تبصرة ببليوجرافية,الخ | Includes bibliographical references and index. |
| 520 ## - التبصرة الخاصة بالتعليق أو التلخيص | |
| ملخص,الخ | All nurses working with adults need a good understanding of the needs of older patients and the potential complexities of planning their care. This new textbook comes from experts in the field and gives adult nurses the principles and practice insights that they need to deliver exceptional care in partnership with older adults. |
| 520 ## - التبصرة الخاصة بالتعليق أو التلخيص | |
| ملخص,الخ | All nurses working with adults need a good understanding of the needs of older patients and the potential complexities of planning their care. This new textbook comes from experts in the field and gives adult nurses the principles and practice insights that they need to deliver exceptional care in partnership with older adults. |
| 650 12 - المدخل الاضافى بالموضوع-مصطلح موضوعى | |
| مصطلح موضوعي أو اسم جغرافي كعنصر مدخل | Nursing Care |
| التقسيم الفرعي العام | methods. |
| 650 22 - المدخل الاضافى بالموضوع-مصطلح موضوعى | |
| مصطلح موضوعي أو اسم جغرافي كعنصر مدخل | Aged |
| التقسيم الفرعي العام | psychology. |
| 9 (RLIN) | 19334 |
| 650 22 - المدخل الاضافى بالموضوع-مصطلح موضوعى | |
| مصطلح موضوعي أو اسم جغرافي كعنصر مدخل | Geriatric Nursing |
| التقسيم الفرعي العام | methods. |
| 9 (RLIN) | 19335 |
| 650 22 - المدخل الاضافى بالموضوع-مصطلح موضوعى | |
| مصطلح موضوعي أو اسم جغرافي كعنصر مدخل | Health Services for the Aged. |
| 9 (RLIN) | 19336 |
| 650 #0 - المدخل الاضافى بالموضوع-مصطلح موضوعى | |
| مصطلح موضوعي أو اسم جغرافي كعنصر مدخل | Geriatric nursing. |
| 9 (RLIN) | 19337 |
| 700 1# - المدخل الاضافى - اسم شخصى | |
| الإسم الشخصى | Reed, Jan. |
| 9 (RLIN) | 19338 |
| 700 1# - المدخل الاضافى - اسم شخصى | |
| الإسم الشخصى | Clarke, Charlotte L. |
| الشكل الأكمل للاسم | (Charlotte Laura) |
| 9 (RLIN) | 19339 |
| 700 1# - المدخل الاضافى - اسم شخصى | |
| الإسم الشخصى | Macfarlane, Ann. |
| 9 (RLIN) | 19340 |
| 942 ## - عناصر المدخل الإضافي( كوها) | |
| مصدر التصنيف او مخطط الترفيف | Dewey Decimal Classification |
| Koha [default] item type | DVD |
| حالة الفقد | نموذج السعر الفعال | حالة تلف | ليس للاعارة | رقم الطلب | تاريخ الاكتساب | الموقع الحالي | الباركود | الفرع الرئيسي | Date last seen | نوع المادة فى نظام كوها | مصدر التصنيف او خطة الترفيف | Total Checkouts |
|---|---|---|---|---|---|---|---|---|---|---|---|---|
| 2013-03-10 | 610.73 NUO | 2012-12-30 | المكتبة المركزية بالمجمعة (CL) | 00401725 | المكتبة المركزية بالمجمعة (CL) | 2013-03-10 | كتاب | Dewey Decimal Classification | ||||
| 2013-03-10 | 610.73 NUO | 2013-01-05 | المكتبة المركزية بالمجمعة (CL) | 00401490 | المكتبة المركزية بالمجمعة (CL) | 2013-03-10 | كتاب | Dewey Decimal Classification | ||||
| 2013-03-10 | 610.73 NUO | 2013-01-05 | المكتبة المركزية بالمجمعة (CL) | 00401491 | المكتبة المركزية بالمجمعة (CL) | 2013-03-10 | كتاب | Dewey Decimal Classification |
